MDQL
is popping MORE tags! Check the
thread
!
Quizzes
Events
Quiz Creation
Community
Videos
Private Events
Remove Ads
Sign In
Join for FREE
Feedback
Dark Mode
Quiz Categories
Sports
Geography
Music
Movies
Television
Just For Fun
Miscellaneous
History
Literature
Language
Science
Gaming
Entertainment
Religion
Holiday
For Kids
Quiz Lab
Recent
Popular Today
Quiz Kudos Today
Editor Picks
Curator Picks
Quizzes by...
Day
Popularity
Type
Ratings
Length
Year
Community
Subscriptions
Recent Discussions
Orange Saloon
Badges
Playlists
Quests
Create
Leaderboards
Showdown
Live 5
Trivia Bingo
Activity
Puzzle Library
Sporcle Events
Private Events
Virtual Trivia
Globe League
Become a Host
Pub Owners
SporcleCon
Opinionation
Our Games
Videos
Blog
Mobile Apps
Partnerships
Remove Ads and Go Orange
Feedback
Sports
Athletes
MLB
NBA
NHL
NFL
Soccer
Sports Teams
WWE
NCAA
Football
Premier League
Basketball
Baseball
Hockey
Golf
Tennis
Cricket
Rugby
Auto Racing
Olympics
World Cup
Sports
Athletes
MLB
NBA
NHL
NFL
Soccer
Sports Teams
WWE
NCAA
Football
Premier League
Basketball
Baseball
Hockey
Golf
Tennis
Cricket
Rugby
Auto Racing
Olympics
World Cup
Random Quiz
Search Sporcle
×
Quiz Lab
Quiz Lab
Sports
Wrestlers
Type in answers that appear in a list
Type in answers that appear in a list
Classic
Best Score? Go Orange.
Complete the Card: Backlash 2007 Stats
Can you name the wrestlers who competed at the Backlash pay-per-view in 2007?
By
SporcleEXP
2m
18 Questions
535 Plays
535 Plays
535 Plays
Comments
Comments
Give Quiz Kudos
Give Quiz Kudos
-
- Ratings
hide this ad
More Info
Replay
Link that replays current quiz
Next Quiz
Link to next quiz in quiz playlist
You Got
0%
They Got
Avg Score
89%
Avg Friend Score
Upgrade to see
Score Distribution
Jump to the score distribution portion of the page
Score
0/18
Timer
02:00
0
Plays Today
Match Type
Wrestler
% Correct
Match 6 -
Fatal 4-
Way Match for the WWE Championship
John Cena
97.9%
Match 6 -
Fatal 4-
Way Match for the WWE Championship
Edge
96.3%
Match 6 -
Fatal 4-
Way Match for the WWE Championship
Randy Orton
95.9%
Match 5 -
Last Man Standing Match for the World Heavyweight Championship
Batista
95.5%
Match 5 -
Last Man Standing Match for the World Heavyweight Championship
The Undertaker
94.2%
Match 4 -
Handicap Match for the ECW World Championship
Bobby Lashley
92.9%
Match 3 -
Singles Match for the WWE United States Championship
Montel Vontavious Porter
92.7%
Match 6 -
Fatal 4-
Way Match for the WWE Championship
Shawn Michaels
92.1%
Match 1 -
Tag Team Match for the World Tag Team Championship
Jeff Hardy
90.7%
Match Type
Wrestler
% Correct
Match 1 -
Tag Team Match for the World Tag Team Championship
Matt Hardy
90.3%
Match 4 -
Handicap Match for the ECW World Championship
Umaga
89.3%
Match 3 -
Singles Match for the WWE United States Championship
Chris Benoit
87.9%
Match 2 -
Singles Match for the WWE Women's Championship
Mickie James
86.9%
Match 4 -
Handicap Match for the ECW World Championship
Vince McMahon
85%
Match 4 -
Handicap Match for the ECW World Championship
Shane McMahon
84.7%
Match 2 -
Singles Match for the WWE Women's Championship
Melina
83.6%
Match 1 -
Tag Team Match for the World Tag Team Championship
Lance Cade
77%
Match 1 -
Tag Team Match for the World Tag Team Championship
Trevor Murdoch
76.3%
Quiz Playlist
Details
Report
Send in Message
Add To Playlist
More Info:
Guess only the wrestlers who competed at this event (do not guess commentators, valets, managers, etc...). This doesn't include dark matches.
Classic:
Type in answers that appear in a list
Quiz Source
Last Updated: Feb 16, 2017
Quiz Scoreboard
CHALLENGE
Sign Up to Join the Scoreboard
Show All
Scores
Hide
Comments
May contain spoilers
Recently Published
Two Season TV Shows II
by 123Four
Television
10m
Image Sorting: Flags VI
by Barbecue
Geography
2m
Find the 'City' Movie
by crazypaving
Movies
60s
More to Explore
Quiz From the Vault
Featured Blog Post
14 Easter Pick-up Lines to Find Eggs With
hide this ad
You Might Also Like...
Tags
2007
backlash
Competed
complete
Pay-per-view
Wrestlers
Today's Top Quizzes in Sports
Browse Sports
hide this ad
Today's Top Quizzes in Wrestlers
Browse Wrestlers
Top Contributed Quizzes in Sports
1
Les meilleurs buteurs des matchs entre le PSG et l’OM
2
Les entraîneurs de l'OM et du PSG au 21e siècle
3
2022 World Cup Stars
4
Les joueurs passés par le PSG et l'OM
5
Players with Multiple 50 Home Run Seasons
6
FIFA Club World Cup Champions
7
Criteria MLB: Left Handed Sluggers
8
Les joueurs passés par le LOSC et le RC Lens
9
Top 10 NHL Goal Scorers of All Time
10
NBA Logic Puzzle 2.0
Explore More
Trending Topics
Disney
NBA
Kpop
Harry Potter
Crossword
Anime
Marvel
Song
NFL
Pokémon
WWE
Puzzle
The Office
Soccer
Country
hide this ad
More By:
SporcleEXP
Quiz
Plays
Rating
Category
Featured
Created
Harry Potter Deaths in Order Minefield
3,068,853
4.18
Literature
Jan 27, 2016
Sins, Dwarfs, and Spice Girls
847,334
4.42
Just For Fun
Apr 11, 2012
Ancient History Bunker
708,310
4.28
History
Jan 20, 2014
Movie Posters VI
679,096
4.37
Movies
Nov 12, 2010
Movie Posters VII
621,916
4.44
Movies
Apr 16, 2011
Go to Creator's Profile
Score Distribution
Quiz Creator Spotlight
SporcleEXP
Follow
Send a Message
Quizzes Created
-
Created Quiz Play Count
-
More By This Creator
Popular Quizzes Today
1
Find the US States - No Outlines Minefield
2
Colored Red Africa Blitz
3
Find the 'City' Movie
4
5x2 Blitz: Bands
5
The Countries of the World
6
Find the Countries of Europe - No Outlines Minefield
7
Find the US States
8
US States
More Sports Quizzes
Premier League: Hull or Huddersfield?
Quiz Lab
Trending Quizzes
Colored Red Europe Blitz I
Colored Red Africa Blitz II
Colored Red Europe Blitz II
Even More Two Season TV Shows
Colored Red Africa Blitz III
Recently Updated
March Madness Men's Triple Doubles
pecheneg
How Do You Spell That?
pecheneg
Godzilla Movies
pecheneg
Grab Bag: 4-10 Letters
pecheneg
2024 March Madness Bracket
pecheneg
Famous TV Couples
Peacemaker
Champions League XIs: Real Madrid
pecheneg
Largest US Cities 1790-2010
pecheneg
Rides in Walt Disney World
pecheneg
Most Oscar Losses (Acting)
pecheneg
Trending Topics
NBA
Anime
Harry Potter
Disney
Marvel
Kpop
Crossword
Soccer
NFL
WWE
Pokémon
Country
Song
Puzzle
The Office
Your Account Isn't Verified!
In order to create a playlist on Sporcle, you need to verify the email address you used during registration. Go to your
Sporcle Settings
to finish the process.
Report this User
Report this user for behavior that violates our
Community Guidelines
.
Details:
Send Report
Go to the Sporcle.com Mobile Site →
Comments